English Footballers to Play for Real Madrid - Statistics

General Stats
  • This quiz has been taken 347 times
  • The average score is 5 of 7
Answer Stats
Signed from Year joined Year left Player % Correct
Borussia Dortmund 2023 Jude Bellingham
97%
Liverpool 2025 Trent Alexander-Arnold
92%
Manchester United 2003 2007 David Beckham
91%
Liverpool 2004 2005 Michael Owen
86%
Liverpool 1999 2003 Steve McManaman
73%
Newcastle United 2004 2007 Jonathan Woodgate
55%
West Bromwich Albion 1979 1984 Laurie Cunningham
34%
No matching quizzes found
Score Distribution
Percent of People with Each Score
Percentile by Number Answered
Your Score History
You have not taken this quiz